عرض عادي عرض مارك
  • Differential equations, Hyperbolic.

مدخل مصطلح موضوعي

عدد التسجيلات المستخدمة في: 1

001 - رقم الضبط

  • حقل الضبط: 14515

003 - معرف رقم الضبط

  • حقل الضبط: OSt

005 - تاريخ ووقت أخر عملية

  • حقل الضبط: 20120520164702.0

008 - عناصر بيانات ثابتة الطول

  • حقل تحكم ثابت الطول: 120520|||a|||||| | ||| d

040 ## - مصدر الفهرسة

  • هيئة الفهرسة الأصلية: OSt
  • وكالة الكتابة: OSt

150 ## - مدخل-- مصطلح تاريخي

  • عنصر مدخل المصطلح الموضوعي او الاسم الجغرافي: Differential equations, Hyperbolic.

670 ## - بيانات المصدر موجوده

  • الاستشهاد بالمصدر: Work cat.: (OSt)23710: Alinhac, S. (Serge) 14513, Geometric analysis of hyperbolic differential equations :, 2010.